| 000 -LEADER |
| fixed length control field |
00400nam a22001337a 4500 |
| 008 - FIXED-LENGTH DATA ELEMENTS--GENERAL INFORMATION |
| fixed length control field |
200608b ||||| |||| 00| 0 eng d |
| 082 00 - DEWEY DECIMAL CLASSIFICATION NUMBER |
| Classification number |
343.096 |
| Item number |
I17 |
| 110 ## - MAIN ENTRY--CORPORATE NAME |
| 9 (RLIN) |
2796 |
| Corporate name or jurisdiction name as entry element |
Institute of Chartered Shipbrokers |
| 245 10 - TITLE STATEMENT |
| Title |
Shipping law / |
| 260 ## - PUBLICATION, DISTRIBUTION, ETC. (IMPRINT) |
| Place of publication, distribution, etc |
London : |
| Name of publisher, distributor, etc |
Institute of Chartered Shipbrokers , |
| Date of publication, distribution, etc |
2010. |
| 300 ## - PHYSICAL DESCRIPTION |
| Extent |
x |
| 650 #0 - SUBJECT ADDED ENTRY--TOPICAL TERM |
| Topical term or geographic name as entry element |
Maritime Law |
| 942 ## - ADDED ENTRY ELEMENTS (KOHA) |
| Item type |
Books |